| 000 | 00802 a2200217 4500 | ||
|---|---|---|---|
| 010 | _aENG-89312 | ||
| 020 |
_a8180280314 _c650.00 |
||
| 035 | _aEN-72845 | ||
| 037 | _bDBAD / PUB | ||
| 082 | 1 | 4 | _a884 |
| 090 |
_c10747 _d10747 |
||
| 100 | 1 | _aCurley, David L. | |
| 245 | 1 |
_aPoetry and history: _cby David L Curley/ _bBengali Mangal-kabya and social change in precolonical Bengal |
|
| 260 |
_aNew Delhi _bChronicle Books(DC publisher) _c2008 |
||
| 260 |
_aNew Delhi _bOrient Longman _c2008 |
||
| 270 |
_aS-7&8, Green Park Main Market _bNew Delhi _cDelhi _e110016 _mChronicle@dcpublishers.com |
||
| 300 |
_axi, 296 p. _c24 cm ( Hb.) |
||
| 500 | _aIncludes index | ||
| 942 |
_adpl _cEN _k884 / CUR |
||
| 999 |
_c10451 _d10451 |
||